[Event "Remote S7E Pioneer-58 email"]
[Site "Remote email"]
[Date "2013.10.18"]
[Round "?"]
[White "Buchmann, Hans Peter"]
[Black "Schuetzbach, Gerd"]
[Result "0-1"]
[WhiteElo "2128"]
[BlackElo "2208"]
[PlyCount "60"]
[EventDate "2013.??.??"]
[EventType "tourn (corr)"]
[EventRounds "6"]
[EventCountry "GER"]
[SourceTitle "Corr 2015"]
[Source "ChessBase"]
[SourceDate "2015.07.17"]
[SourceVersion "1"]
[SourceVersionDate "2015.07.17"]
[SourceQuality "1"]

1. d4 c5 2. d5 Nf6 3. c4 b5 4. cxb5 a6 5. e3 d6 6. Nc3 g6 7. Nf3 Bg7 8. Qb3 axb5 9. Bxb5+ Bd7 10. Bc4 0-0 11. e4 Na6 12. 0-0 Bg4 13. Qd1 Nd7 14. Be2 Qa5 15. Bd2 Bxf3 16. gxf3 Rfc8 17. Nb5 Qd8 18. Qc2 c4 19. Na3 Ne5 20. Rab1 Rab8 21. Bc3 Nb4 22. Qd2 Nbd3 23. Bxe5 Bxe5 24. Nxc4 Nf4 25. b3 Nh3+ 26. Kh1 Bf4 27. Ne3 e5 28. dxe6 Qh4 29. exf7+ Kf8 30. e5 Rd8 0-1

[Event "Remote Continents-ch email"]
[Site "Remote email"]
[Date "2013.09.13"]
[Round "?"]
[White "Schuetzbach, Gerd"]
[Black "Tauscher, Karl"]
[Result "0-1"]
[WhiteElo "2216"]
[BlackElo "2422"]
[PlyCount "82"]
[EventDate "2013.??.??"]
[EventType "tourn (corr)"]
[EventRounds "10"]
[EventCountry "GER"]
[SourceTitle "Corr 2015"]
[Source "ChessBase"]
[SourceDate "2015.07.17"]
[SourceVersion "1"]
[SourceVersionDate "2015.07.17"]
[SourceQuality "1"]

1. d4 Nf6 2. Nc3 d5 3. e4 dxe4 4. f3 exf3 5. Nxf3 e6 6. Bg5 Be7 7. Bd3 Nc6 8. 0-0 Nxd4 9. Kh1 h6 10. Bf4 Nc6 11. Qe1 0-0 12. Rd1 Bd6 13. Qh4 Nd5 14. Nxd5 Qxh4 15. Nxh4 exd5 16. Bxd6 cxd6 17. Nf5 Bxf5 18. Rxf5 Ne7 19. Rf2 Rac8 20. g3 g6 21. Kg1 Kg7 22. Bf1 b6 23. c3 h5 24. Re2 Rfe8 25. Kf2 Kf8 26. Bg2 Nf5 27. Bxd5 Rxe2+ 28. Kxe2 Re8+ 29. Kf3 Ne3 30. Rd4 Nxd5 31. Rxd5 Re6 32. h3 Ke7 33. g4 Re5 34. Rd4 hxg4+ 35. hxg4 Re1 36. Rd2 Ra1 37. Re2+ Kd7 38. a3 a5 39. Rf2 Rg1 40. Ke3 Ke6 41. Kf4 Kd5 0-1

[Event "Remote Continents-ch email"]
[Site "Remote email"]
[Date "2013.09.13"]
[Round "?"]
[White "Zidu, Jan"]
[Black "Schuetzbach, Gerd"]
[Result "1-0"]
[WhiteElo "2542"]
[BlackElo "2208"]
[PlyCount "85"]
[EventDate "2013.??.??"]
[EventType "tourn (corr)"]
[EventRounds "10"]
[EventCountry "GER"]
[SourceTitle "Corr 2015"]
[Source "ChessBase"]
[SourceDate "2015.07.17"]
[SourceVersion "1"]
[SourceVersionDate "2015.07.17"]
[SourceQuality "1"]

1. d4 Nf6 2. Nf3 e6 3. c4 d5 4. Nc3 h6 5. Bf4 Bd6 6. Bxd6 Qxd6 7. e3 0-0 8. Rc1 a6 9. h3 Re8 10. cxd5 exd5 11. Bd3 Be6 12. 0-0 Nbd7 13. Qc2 c6 14. Ne2 Rac8 15. Nf4 Ne4 16. Bxe4 dxe4 17. Nd2 Nf6 18. Rfd1 Qd7 19. a3 Nd5 20. Nxe6 Qxe6 21. b4 Nb6 22. Nc4 Nxc4 23. Qxc4 Rcd8 24. Qxe6 Rxe6 25. Rc5 Rd5 26. Rxd5 cxd5 27. Rc1 Rc6 28. Rc5 Rxc5 29. dxc5 Kf8 30. a4 Ke7 31. g4 Kd8 32. b5 Kc7 33. Kh2 g6 34. h4 f6 35. h5 g5 36. Kg2 Kd7 37. Kf1 Kc7 38. Ke2 axb5 39. axb5 b6 40. c6 Kd6 41. Kd2 Ke6 42. Kc3 Kd6 43. Kd4 1-0

[Event "Remote S7E Pioneer-54 email"]
[Site "Remote email"]
[Date "2013.03.12"]
[Round "?"]
[White "Muster, Wolfgang"]
[Black "Schuetzbach, Gerd"]
[Result "1-0"]
[WhiteElo "2346"]
[BlackElo "2135"]
[PlyCount "95"]
[EventDate "2013.??.??"]
[EventType "tourn (corr)"]
[EventRounds "6"]
[EventCountry "GER"]
[SourceTitle "Corr 2015"]
[Source "ChessBase"]
[SourceDate "2015.07.17"]
[SourceVersion "1"]
[SourceVersionDate "2015.07.17"]
[SourceQuality "1"]

1. d4 Nf6 2. Bg5 g6 3. Nd2 Bg7 4. c3 d6 5. e4 0-0 6. Ngf3 c5 7. d5 e6 8. Bc4 a6 9. dxe6 fxe6 10. e5 dxe5 11. a4 Qc7 12. Bxf6 Bxf6 13. h4 Nc6 14. h5 g5 15. h6 Qe7 16. Ne4 b6 17. Bd3 Bb7 18. Rh5 Rad8 19. Nfxg5 c4 20. Nxf6+ Qxf6 21. Bxh7+ Kh8 22. Qf3 Qxf3 23. gxf3 Na5 24. Ke2 Nb3 25. Rg1 Rf6 26. Rh4 Bd5 27. Bg6 Rdf8 28. Bh5 Nc5 29. h7 Rh6 30. Rgg4 Nxa4 31. Nf7+ Rxf7 32. Bxf7 Rxh4 33. Rxh4 Nxb2 34. Bg6 a5 35. f4 Nd3 36. Bxd3 cxd3+ 37. Kxd3 b5 38. fxe5 a4 39. Kc2 Bg2 40. f4 Be4+ 41. Kb2 Bf5 42. Ka3 Be4 43. Rh6 Bf5 44. Kb4 Bg4 45. Kxb5 a3 46. Rh2 Bf5 47. Ra2 Kxh7 48. Rxa3 1-0

[Event "Remote S5E No Engine-225 email"]
[Site "Remote email"]
[Date "2013.03.11"]
[Round "?"]
[White "Pirs, Matjaz"]
[Black "Schuetzbach, Gerd"]
[Result "1-0"]
[WhiteElo "2556"]
[BlackElo "2021"]
[PlyCount "45"]
[EventDate "2013.??.??"]
[EventType "tourn (corr)"]
[EventRounds "4"]
[EventCountry "GER"]
[SourceTitle "Corr 2015"]
[Source "ChessBase"]
[SourceDate "2015.07.17"]
[SourceVersion "1"]
[SourceVersionDate "2015.07.17"]
[SourceQuality "1"]

1. e4 d5 2. exd5 Nf6 3. Nf3 Bg4 4. Bb5+ Nbd7 5. h3 Bh5 6. Nc3 a6 7. Be2 Nb6 8. d4 Nbxd5 9. Nxd5 Qxd5 10. c4 Qd6 11. g4 Bg6 12. 0-0 e6 13. Ne5 Be7 14. Bf3 Be4 15. g5 Rg8 16. Re1 Bxf3 17. Qxf3 0-0-0 18. Nxf7 Qxd4 19. Nxd8 Bxd8 20. gxf6 gxf6+ 21. Kh1 Qxc4 22. Bd2 c6 23. Qe4 1-0

[Event "Remote S5E No Engine-225 email"]
[Site "Remote email"]
[Date "2013.03.11"]
[Round "?"]
[White "Schuetzbach, Gerd"]
[Black "Schmitt, Harald"]
[Result "1-0"]
[WhiteElo "2021"]
[BlackElo "2062"]
[PlyCount "61"]
[EventDate "2013.??.??"]
[EventType "tourn (corr)"]
[EventRounds "4"]
[EventCountry "GER"]
[SourceTitle "Corr 2015"]
[Source "ChessBase"]
[SourceDate "2015.07.17"]
[SourceVersion "1"]
[SourceVersionDate "2015.07.17"]
[SourceQuality "1"]

1. d4 d5 2. e4 c6 3. c4 dxe4 4. Nc3 Nf6 5. f3 exf3 6. Nxf3 Bg4 7. h3 Bh5 8. g4 Bg6 9. Ne5 e6 10. Bg2 Bb4 11. 0-0 0-0 12. h4 Bxc3 13. bxc3 Be4 14. g5 Bxg2 15. Kxg2 Nfd7 16. Bf4 f6 17. Nf3 Rf7 18. h5 f5 19. g6 hxg6 20. hxg6 Rf6 21. Nh4 Rf8 22. Rh1 Nf6 23. Qe1 Re8 24. Bg5 Nbd7 25. Nxf5 exf5 26. Qh4 Kf8 27. Qh8+ Ke7 28. Qxg7+ Kd6 29. Bf4+ Ne5 30. dxe5+ Kc5 31. Qxf6 1-0

[Event "Remote S7E Pioneer-49 email"]
[Site "Remote email"]
[Date "2012.08.02"]
[Round "?"]
[White "Paz y Barriga, Gustavo"]
[Black "Schuetzbach, Gerd"]
[Result "0-1"]
[WhiteElo "2063"]
[BlackElo "2021"]
[PlyCount "48"]
[EventDate "2012.??.??"]
[EventType "tourn (corr)"]
[EventRounds "6"]
[EventCountry "GER"]
[SourceTitle "Corr 2015"]
[Source "ChessBase"]
[SourceDate "2015.07.17"]
[SourceVersion "1"]
[SourceVersionDate "2015.07.17"]
[SourceQuality "1"]

1. e4 d6 2. Nc3 Nf6 3. d4 Nbd7 4. Nf3 e5 5. Bc4 h6 6. 0-0 c6 7. Qe2 b5 8. Bb3 a5 9. a4 b4 10. Nd1 Qc7 11. Ne3 Nxe4 12. dxe5 Ndc5 13. Nd2 Nxb3 14. cxb3 Nxd2 15. exd6 Nf3+ 16. Kh1 Qxd6 17. Nc4+ Qe6 18. Qxf3 Be7 19. Bf4 0-0 20. Rfe1 Qf6 21. Nb6 Ra6 22. Nxc8 Rxc8 23. Qg3 Bf8 24. Bg5 Qxg5 0-1

[Event "SB-2011-0-00186"]
[Site "LSS email"]
[Date "2011.11.03"]
[Round "?"]
[White "Eide, John Henning"]
[Black "Schuetzbach, Gerd"]
[Result "1-0"]
[WhiteElo "1586"]
[BlackElo "1617"]
[PlyCount "43"]
[EventDate "2011.10.15"]
[EventType "tourn (corr)"]
[EventRounds "6"]
[EventCountry "GER"]
[SourceTitle "Telechess CBM 153"]
[Source "ChessBase"]
[SourceDate "2013.03.14"]
[SourceVersion "1"]
[SourceVersionDate "2013.03.14"]
[SourceQuality "1"]

1. d4 d5 2. c4 e5 3. dxe5 d4 4. Nf3 Nc6 5. g3 f6 6. exf6 Nxf6 7. Bg2 Bc5 8. Nbd2 0-0 9. 0-0 Qe8 10. Nb3 Qh5 11. Bf4 Bh3 12. Bxh3 Qxh3 13. Nxc5 Ng4 14. Ne6 Rf5 15. c5 Nce5 16. Nexd4 Rd8 17. Qb3+ Kh8 18. Bxe5 Rxe5 19. c6 bxc6 20. Nxc6 Rf5 21. Nxd8 Rxf3 22. Nf7+ 1-0

[Event "SB-2011-0-00186"]
[Site "LSS email"]
[Date "2011.11.03"]
[Round "?"]
[White "Schuetzbach, Gerd"]
[Black "Lizorkina, Veronika"]
[Result "0-1"]
[WhiteElo "1617"]
[BlackElo "2103"]
[PlyCount "30"]
[EventDate "2011.10.15"]
[EventType "tourn (corr)"]
[EventRounds "6"]
[EventCountry "GER"]
[SourceTitle "Corr 2015"]
[Source "ChessBase"]
[SourceDate "2015.07.17"]
[SourceVersion "1"]
[SourceVersionDate "2015.07.17"]
[SourceQuality "1"]

1. d4 Nf6 2. f3 d5 3. e4 dxe4 4. Nc3 exf3 5. Nxf3 e6 6. Bd3 Be7 7. 0-0 Nc6 8. Bg5 Nxd4 9. Kh1 h6 10. Be3 Nf5 11. Bg1 c6 12. Qe1 0-0 13. Rd1 Qc7 14. g4 Nxg4 15. h3 Nf6 0-1

[Event "SB-2011-0-00186"]
[Site "LSS email"]
[Date "2011.11.01"]
[Round "?"]
[White "Schuetzbach, Gerd"]
[Black "Gavrileteanu, Lucian"]
[Result "1-0"]
[WhiteElo "1617"]
[BlackElo "1800"]
[PlyCount "85"]
[EventDate "2011.10.15"]
[EventType "tourn (corr)"]
[EventRounds "6"]
[EventCountry "GER"]
[SourceTitle "Telechess CBM 153"]
[Source "ChessBase"]
[SourceDate "2013.03.14"]
[SourceVersion "1"]
[SourceVersionDate "2013.03.14"]
[SourceQuality "1"]

1. d4 Nf6 2. f3 d5 3. e4 dxe4 4. Nc3 e6 5. fxe4 Bb4 6. Bg5 h6 7. Bxf6 Qxf6 8. Nf3 0-0 9. Bd3 c5 10. e5 Qf4 11. 0-0 cxd4 12. Ne4 Qe3+ 13. Kh1 Nd7 14. a3 Ba5 15. b4 f5 16. Re1 fxe4 17. Rxe3 dxe3 18. Bxe4 Bc7 19. Qd4 e2 20. Qc4 Bxe5 21. Qxe6+ Kh8 22. Qg6 Nf6 23. Nxe5 Nxe4 24. Nf7+ Rxf7 25. Qxf7 Bg4 26. Re1 Rd8 27. Qe7 Rd1 28. Qe8+ Kh7 29. Qxe4+ Kh8 30. Rg1 Rf1 31. h3 Bh5 32. b5 e1Q 33. Qxe1 Rxe1 34. Rxe1 Bg6 35. Re7 Bxc2 36. Rxb7 Ba4 37. Rxa7 Bxb5 38. a4 Bc4 39. Ra8+ Kh7 40. a5 Bd5 41. Rd8 Bb7 42. Kh2 h5 43. h4 1-0

[Event "SB-2011-0-00186"]
[Site "LSS email"]
[Date "2011.11.01"]
[Round "?"]
[White "Van Bommel, Ton"]
[Black "Schuetzbach, Gerd"]
[Result "1-0"]
[WhiteElo "2072"]
[BlackElo "1617"]
[PlyCount "43"]
[EventDate "2011.10.15"]
[EventType "tourn (corr)"]
[EventRounds "6"]
[EventCountry "GER"]
[SourceTitle "Telechess CBM 153"]
[Source "ChessBase"]
[SourceDate "2013.03.14"]
[SourceVersion "1"]
[SourceVersionDate "2013.03.14"]
[SourceQuality "1"]

1. e4 e5 2. Nf3 f5 3. Nxe5 Qf6 4. Nc4 fxe4 5. Nc3 Qf7 6. Ne3 Nf6 7. Bc4 Qg6 8. d3 Bb4 9. 0-0 Nc6 10. Nxe4 d6 11. Nxf6+ gxf6 12. c3 Ba5 13. d4 Bd7 14. b4 Bb6 15. Nd5 0-0-0 16. a4 a6 17. b5 Rhg8 18. Nf4 Qg7 19. Bxg8 Rxg8 20. bxc6 bxc6 21. a5 Ba7 22. Qd3 1-0